000 01382nam a2200193Ia 4500
008 220216s9999 xx 000 0 und d
100 _aBahari Azlina et al.
245 0 _aCharacterisation of type 2 and 3 metallothioneins from Hevea brasiliensis bark
260 _bJouranl of Rubber Research
_c2013
300 _a257-270
520 _aA small collection of ESts was generated from the bark of the rubber tree clone RRIM 2025. Low molecular weight metal-binding proteins, metallothioneins(MTs), were found to be very abundant in the bark gene expression profile. Multiple sequence alignment and phylogenetic analysis between three Hevea MTs and other plant MTs identified then as type 2 and type 3 proteins. Semi-quantitative PCR analysis indicated that each MT was differentially expressed between bark, leaves and latex, with the lowest transcript abundance in latex. In latex from ethephon-treated trees, all MT isoforms were induced at four hours after treatement while only one of them showed decreased expression sfter 24 hours. Our findings indicate the existence of a multiple gene family for Hevea MTs and Varying roles played by isoforms derived from different rubber tree tissues.
650 _aBark
650 _aDNA sequencing
650 _aEST
650 _aHevea brasiliensis
650 _aIsoformGene expression
650 _aMetallothionein
942 _cJS
999 _c55385
_d55385